000 00244nam a2200097Ia 4500
001 800000
005 20250826171011.0
008 250824s9999 xx 000 0 und d
245 0 _aKAFADAN YUMURTA
_cYUSUF ASAL
260 _bUĞUR BÖCEĞİ YAYINLARI
999 _c800000
_d800000